LEADER 00961nam a2200229 4500 001 000000338307 003 CaOOAMICUS 005 20191203110733.0 008 191203s2003 vc a 000 u ita r 020 $a88-209-7502-5 040 $aSeMil$bita 245 10$a3: 1991-1995. 264 1$aCittà del Vaticano :$bLibreria Editrice Vaticana,$c2003. 300 $a343 p. :$britr. ;$c25 cm 700 1 $aResch, Andreas.$0(OLS)http://semarc/name/4587 773 0 $aResch, Andreas$tBeati di Giovanni Paolo 2..$dCittà del Vaticano : Libreria Editrice Vaticana, 2000-2006.$g3$w()338302 850 $aSeMil 852 $aSeMil$W1$xVenegono$y1$mSL1.S V 3$j217464$B229565$CSeMilBibl$Z2$F229565 $8I 996 $6020$a88-209-7502-5$9(OLS)http://semarc/number/289330 996 $6245$a3: 1991-1995$9(OLS)http://semarc/title/427181 996 $6264$aCittà del Vaticano :$bLibreria Editrice Vaticana$9(OLS)http://semarc/publisher/29734 LEADER 00889nas a2200217 i 4500 001 000000020770 003 CaOOAMICUS 005 20220616125839.0 008 180830d18981922fr zx u0 z|fre u 022 $a1254-9827 040 $aSeMil$bita 245 10$aBibliothèque littèraire de La Renaissance. 1. série /$cdirigée par P. de Nolhac et L. Dorez. 264 1$aParis :$bHonoré Champion,$c1898-1922. 300 $a12 v. ;$c19 cm. 362 0 $a1898-1922 700 1 $aDorez, Léon,$d<1864-1922>.$0(OLS)http://semarc/name/9299 700 1 $aNolhac, Pierre : de,$d<1859-1936>.$0(OLS)http://semarc/name/9300 996 $6022$a1254-9827$9(OLS)http://semarc/number/285709 996 $6245$aBibliothèque littèraire de La Renaissance. 1. série$9(OLS)http://semarc/title/27407 996 $6264$aParis :$bHonoré Champion$9(OLS)http://semarc/publisher/34153